000 00438nam a2200193Ia 4500
003 IT-RoPAU
005 20220918175436.0
008 120407s9999 xx 000 0 und d
040 _aIT-RoPAU
040 _cIT-RoPAU
100 _aGiuseppe Ricciotti
_934473
245 _aStoria d'Israle: dall'esilio al 135 dopo Cristo
250 _aTorino
260 _aSei
300 _c cm
490 _v1
942 _cBK
_2ddc
999 _c11620
_d11620